000 00835nam a2200253 a 4500
001 BRL_484
005 20190320210750.0
008 200813s1960----gw-a######---#000-0#ger-#
041 _ager
044 _agw
050 4 _aN5305
_b.K86 1 1960
245 1 0 _aDie Steinzeit
_bvierzigtausend jahre felsbilder
_cvon Hans-Georg Bandi...[et. al.]
260 _aGermany
_bHolle-Verlag Baden-Baden
_c1960
300 _a253 p.
_bil. (algunas a color)
_c23cm.
440 0 _aKunst der Welt; ihre geschichtlichen, soziologischen und religiösen Grundlagen
_pDie aussereuropäischen Kulturen
_v1
_924062
500 _aAu513
504 _aBibliografía: p.241-244
650 1 4 _aArte primitivo
_97001
650 1 4 _aArte rupestre
_924063
650 1 4 _aEdad de piedra
_924064
700 1 _aBandi, Hans-George
_924065
902 _aGRL
942 _2lcc
_cB
999 _c9296
_d9296